| 000 | 00377nam a2200157Ia 4500 | ||
|---|---|---|---|
| 100 | _aVlist/Eric Vander/ Ayers Danny | ||
| 650 | _aWEB | ||
| 942 | _cBK | ||
| 366 | _f25 | ||
| 654 | _aweb 2.0 | ||
| 245 | _aProfessional web 2.0 programming using HTML CSS javascript and Ajax | ||
| 260 |
_bWiley India _c2007 |
||
| 300 | _a521 | ||
| 546 |
_aENGLISH _cPAMPHALETS |
||
| 999 |
_c31602 _d31602 |
||